Методы управления технологическим процессом подготовки нефти; Нефтяное хозяйство; № 1

מידע ביבליוגרפי
Parent link:Нефтяное хозяйство: научно-технический производственный журнал.— , 1925-1940, 1946-.— 0028-2448
№ 1.— 2003.— С. 76-78
מחברים אחרים: Борисов С. И., Калинина О. С., Мелошенко Н. П., Сорокин В. В., Исавкин В. А.
שפה:רוסית
יצא לאור: 2003
סדרה:Транспорт и подготовка нефти
נושאים:
פורמט: Book Chapter
KOHA link:https://koha.lib.tpu.ru/cgi-bin/koha/opac-detail.pl?biblionumber=385497

MARC

LEADER 00000naa2a2200000 4500
001 385497
005 20231101063356.0
035 |a (RuTPU)RU\TPU\prd\13388 
090 |a 385497 
100 |a 20030506a2003 k y0rusy50 ca 
101 0 |a rus 
102 |a RU 
200 1 |a Методы управления технологическим процессом подготовки нефти  |f С. И. Борисов, О. С. Калинина, Н. П. Мелошенко и др. 
225 1 |a Транспорт и подготовка нефти 
320 |a Библиогр.: 2 назв. 
461 1 |0 (RuTPU)RU\TPU\prd\1638  |x 0028-2448  |t Нефтяное хозяйство  |o научно-технический производственный журнал  |d 1925-1940, 1946- 
463 1 |0 (RuTPU)RU\TPU\prd\13357  |t № 1  |v С. 76-78  |d 2003 
610 1 |a нефть 
610 1 |a технологические процессы 
610 1 |a управление 
610 1 |a подготовка 
610 1 |a центрифугирование водонефтяной эмульсии 
610 1 |a визуальное исследование 
675 |a 665.662.43.066.6  |v 3 
701 1 |a Борисов  |b С. И. 
701 1 |a Калинина  |b О. С. 
701 1 |a Мелошенко  |b Н. П. 
701 1 |a Сорокин  |b В. В. 
701 1 |a Исавкин  |b В. А. 
801 1 |a RU  |b 63413507  |c 20030506  |g PSBO 
801 2 |a RU  |b 63413507  |c 20131025  |g RCR 
942 |c BK